LEADER 00805nam0-22002891--450- 001 990006026290403321 005 20061027073408.0 035 $a000602629 035 $aFED01000602629 035 $a(Aleph)000602629FED01 035 $a000602629 100 $a20000112d1985----km-y0itay50------ba 101 0 $aita 102 $aIT 105 $ay-------001yy 200 1 $a<>nuovi accordi concordatari tra Chiesa e Stato in Italia 210 $aBologna$cDehoniane$d1985 215 $a334 p.$d21 cm 225 1 $aStudia Urbaniana$v26 676 $a322$v16$zita 801 0$aIT$bUNINA$gRICA$2UNIMARC 901 $aBK 912 $a990006026290403321 952 $aII D 129 (26)$b3161*$fFGBC 959 $aFGBC 996 $aNuovi accordi concordatari tra Chiesa e Stato in Italia$9580318 997 $aUNINA LEADER 00819nam0-22003011i-450- 001 990001779760403321 005 20040220124833.0 035 $a000177976 035 $aFED01000177976 035 $a(Aleph)000177976FED01 035 $a000177976 100 $a20030910d1988----km-y0itay50------ba 101 0 $aita 200 1 $a<>rischio chimico$fa cura di Luciano Caglioti 210 $aMilano$cLe Scienze$d1988 215 $a96 p.$d30 cm 225 1 $a<>scienze$iQuaderni$v40 610 0 $aInquinamento ambientale 610 0 $aProdotti chimici 676 $a363.738 4 702 1$aCaglioti,$bLuciano 801 0$aIT$bUNINA$gRICA$2UNIMARC 901 $aBK 912 $a990001779760403321 952 $a60 500 B 23/40$b4228$fFAGBC 959 $aFAGBC 996 $aRischio chimico$9409546 997 $aUNINA